000 00594nam a2200181Ia 4500
008 151018s9999 xx 000 0 und d
082 _bRBASDV6053
_a891.463
100 _aचंद्रकांत काकोडकर
245 _aनिलांबरी
250 _b1
260 _bप्रताप प्रकाशन
_c1962
300 _a182
600 _aचंद्रकांत काकोडकर
630 _aनिलांबरी
700 _aचंद्रकांत काकोडकर
730 _aनिलांबरी
942 _cBOOK
999 _c1008431
_d1008428